Aramäische Dialektproben : unter dem Gesichtspunkt neutestamentlicher Studien /

Bibliographic Details
Main Author: Dalman, Gustaf, 1855-1941
Format: Book
Language:German
Aramaic
Published: Leipzig : J. C. Hinrichs, 1927.
Edition:2. erw. Aufl.
Subjects:

MARC

Tag First Indicator Second Indicator Subfields
LEADER 00000cam a2200000 i 4500
001 in00000014735
005 20151007052856.0
008 800811s1927 ge b 00110 ger d
035 |a (OCoLC)06608108 
035 |9 AAA9530AM 
040 |a CUS  |c CUS  |d TXA  |d UtOrBLW 
041 0 |a ger  |a arc 
049 |a TXAM  |c [A11049404] 
050 4 |a PJ5259  |b .D3 1927 
100 1 |a Dalman, Gustaf,  |d 1855-1941. 
245 1 0 |a Aramäische Dialektproben :  |b unter dem Gesichtspunkt neutestamentlicher Studien /  |c neu hrsg. von Gustaf Dalman. 
250 |a 2. erw. Aufl. 
264 1 |a Leipzig :  |b J. C. Hinrichs,  |c 1927. 
300 |a ix, 72 pages ;  |c 24 cm. 
336 |a text  |b txt  |2 rdacontent 
337 |a unmediated  |b n  |2 rdamedia 
338 |a volume  |b nc  |2 rdacarrier 
504 |a Includes bibliographical references and index. 
650 0 |a Aramaic language  |x Readers. 
999 |a MARS 
999 f f |s 04837b8d-8595-32f0-a07a-91cd8ac30716  |i 6b350983-c36c-3e4e-bba8-74446c3b12bf  |t 0 
952 f f |p ric  |a Texas A&M University  |b Rellis Campus  |c Joint Library Facility  |d Remote Storage  |t 0  |e PJ5259 .D3 1927  |h Library of Congress classification  |i unmediated -- volume  |m A14811049404 
998 f f |a PJ5259 .D3 1927  |t 0  |l Remote Storage